000 01426cam a2200325 i 4500
999 _c26140
_d26140
001 26140
003 Mx-PuUPA
005 20200921093218.0
008 140415s1976 iluab r 000 0 eng d
020 _a0852293119
040 _aMX-PuUPA
_bspa
_erda
_cMx-PuUPA
_dMx-PuUPA
041 0 _aeng
130 1 _aObra.
_pEncyclopaedia Britannica
245 1 0 _aBritannica book of the year /
_cmanaging editor, Lawrence K. Lustig ; editors Daphne Daume, J. E. Davis.
246 3 1 _a1976 britannica book of the year
246 3 8 _aEncyclopaedia Britannica, 1976 book of the year :
_bevents of 1975
264 1 _aChicago :
_bEncyclopaedia Britannica, University of Chicago,
_c1976
300 _a767 páginas :
_bilustraciones, mapas, fotografías ;
_c29 cm.
336 _atexto
_2rdacontent
_btxt
337 _asin medio
_2rdamedia
_bn
338 _avolumen
_2rdacarrier
_bnc
650 4 _aHistoria
650 4 _aEnciclopedias y diccionarios
_xInglés
700 1 _aLustig, Lawrence K.,
_eeditor
700 1 _aDaume, Daphne,
_eeditor
710 1 _aDavis, J. E.,
_eeditor
770 1 _iSuplemento de(obra):
_tThe new encyclopaedia britannica
_bFifteenth edition
_dChicago : University of Chicago,1993
_h29 volúmenes : ilustraciones, mapas, láminas (algunas a color) ; 29 cm. +1 volumen Guide to the Britannica + 2 volúmenes Index
_w(Mx-PuUPA) 000007051
942 _2ddc
_cLI
_h031
_iB8495